Cavs Records - Points - Statistics

General Stats
  • This quiz has been taken 159 times
    3 since last reset
  • The average score is 15 of 20
Answer Stats
Rank No. Points Scored Answer % Correct
4 10,265 Austin Carr
100%
3 10,389 Brad Daugherty
100%
9 7,671 Darius Garland
100%
*12* 7,038 Donovan Mitchell
100%
*20* 5,592 Evan Mobley
100%
*17* 5,779 Jarrett Allen
100%
10 7,663 Kevin Love
100%
8 8,232 Kyrie Irving
100%
1 23,119 LeBron James
100%
5 9,543 Mark Price
100%
6 9,513 Robert "Bingo" Smith
100%
2 10,616 Zydrunas Ilgauskas
100%
7 8,504 John "Hot Rod" Williams
67%
11 7,257 Larry Nance
67%
15 6,069 Tristan Thompson
67%
14 6,329 World B. Free
67%
13 6,588 Campy Russell
33%
19 5,643 Danny Ferry
0%
18 5,729 Jim Chones
0%
16 5,793 Terrell Brandon
0%
No matching quizzes found
Score Distribution
Percent of People with Each Score
Percentile by Number Answered
Your Score History
You have not taken this quiz since the last reset